000 00660nam a2200205Ia 4500
008 191130s2002##################000#0#eng##
020 _a9780333712481
040 _aACL
_cACL
082 _a307.760940902 LIL
100 _aLilley, Keith D
245 _aUrban life in the middle ages, 1000-1450
_cKeith D. Lilley
260 _aBasingstoke, Hampshire
_bPalgrave
_cc2002
300 _axvi, 295 p. : ill., maps ; 22 cm
500 _aIncludes bibliographical references (p. 254-278) and index
650 _aCities and towns, Medieval
650 _aCivilization, Medieval
990 _a864cb6a6ac10000c4ca0a94223a8d210
991 _a197974
999 _c87130
_d87130